<The> French unemployment problem. Lessons from rationing model relying on business survey information.
Základné rysy dávkového modelu nezamestnanosti vo Francúzsku založeného na informáciách z prieskumu zamestnanosti. Koordinácia výskumu nezamestnanosti v západoeurópskych krajinách. Integrácia prieskumu zamestnanosti v rámci INSEE. "Trecia" nezamestnanosť kontra "nerovnovážna" nezamestnanosť. Hodnote...
Na minha lista:
| Autor principal: | |
|---|---|
| Formato: | Capítulo de Livro |
| Idioma: | inglês |
| Assuntos: | |
| Tags: |
Sem tags, seja o primeiro a adicionar uma tag!
|
MARC
| LEADER | 00000naa a2200000 4500 | ||
|---|---|---|---|
| 001 | r001682 | ||
| 005 | 20220909073746.8 | ||
| 041 | 0 | |a eng | |
| 044 | |a NL | ||
| 245 | 1 | 0 | |a <The> French unemployment problem. |b Lessons from rationing model relying on business survey information. |c J.-P. Lambert |
| 520 | |a Základné rysy dávkového modelu nezamestnanosti vo Francúzsku založeného na informáciách z prieskumu zamestnanosti. Koordinácia výskumu nezamestnanosti v západoeurópskych krajinách. Integrácia prieskumu zamestnanosti v rámci INSEE. "Trecia" nezamestnanosť kontra "nerovnovážna" nezamestnanosť. Hodnotenie výsledkov modelu. | ||
| 610 | 2 | 0 | |a nezamestnanosť |
| 610 | 2 | 0 | |a modely ekonometrické |
| 610 | 2 | 0 | |a Francúzsko |
| 610 | 2 | 0 | |a trh |
| 100 | 1 | |a Lambert, J.-P. | |